| 000 | 00983cam a22002054a 4500 | ||
|---|---|---|---|
| 005 | 20250605163920.0 | ||
| 008 | 250528s ||||||||||||||||||||||||d | ||
| 035 | _a14372 | ||
| 020 | _a393959244 | ||
| 040 |
_aGR-AtMCL _bgre _dGR-AtMCL _eAACR2 |
||
| 245 | 1 | _aIntermediate Microeconomics / A Modern Approach | |
| 250 | _a2nd | ||
| 260 |
_bW.W. Norton & Company, _c1990 |
||
| 300 | _a638 | ||
| 520 | _aThe Market, Budget Constraint, Preferences, Utility, Choice, Demand, Revealed Preference, Slutsky Equation, Buying and Selling, Intertemporal Choice, Asset Markets, Uncertainty, Risky Assets, Consumer's Surplus, Market Demand, Equilibrium, Technology, Profit Maximization, Cost Minimization, Cost Curves, Firm Supply, Industry Supply, Monopoly, Factor Markets, Oligopoly, Game Theory, Exchange, Production, Welfare, Externalities, Public Goods, Information, Mathematical Appendix, Answers, Index. | ||
| 700 | 1 |
_aVarian Hal R _97 |
|
| 942 | _cBK | ||
| 999 |
_c7 _d7 |
||